000 00910cam a22003017a 4500
003 CHAP
005 20220329140638.0
008 971013s1983 r 00010 d
010 _a55275
011 _a56247
035 _a60400
040 _cCHAP
082 _a633.68
_bS5
100 0 0 _aSilvestre, P.
_9106104
245 1 3 _aLe manioc
260 _aParis :
_bMaisonneuve & Larose,
_c1983
300 _a262 p.
_b: ilus.
490 0 _aTechniques agricoles et productions tropicales
_v; 32
590 _aBATCH-UPD
_b10
_c20130110
_lUCH01
_h0315
590 _aBATCH-UPD
_b10
_c20130110
_lUCH01
_h2310
590 _aCONVERSION
_b10
_c20130109
_lUCH01
_h1330
650 1 4 _aYuca.
_9123269
700 0 _aArraudeau, M. A.
_97386
830 0 _aTechniques agricoles et productions tropicales
_v; 32
_9111919
901 _aBK
942 _cLIBRO
949 _a633.68 S5
_bBC
_cLIBRO
_d33724000215596
_eLIBRO
_h69034
_i60400
_si
999 _c55275
_d55275